000 00619nam a22002297a 4500
003 UA-OsUOA
001 96963
007 ta
008 20130325b un ||||| |||| 00| 0 ukr d
090 _a821.161.1
_bШ92
942 _cBK
040 _aUA-OsUOA
_brus
_cUA-OsUOA
_dUA-OsUOA
245 _aШторм
_bпьесы о революции
_cсост. С. Никулин
300 _a509 с.
955 _a3
041 _arus
080 _a821.161.1
260 _aМ.
_bСовременник
_c1987
044 _aRU
650 7 _a82 Література. Літературознавство
_2UDC
999 _c383212
_d383212